LEADER 01049nam a2200277 u 4500 001 000000061633 003 CaOOAMICUS 005 20070226121039.0 008 010911s1970 it u000 u ita u 035 $a10902229 040 $aPUL(R)$bita 100 1 $aDeiss, Lucien.$0(OLS)http://pul/name/15863 245 10$aElementi fondamentali di mariologia /$cLucien Deiss. 260 $aBrescia :$bQueriniana,$cc1970. 300 $a[302] p. ;$c21 cm 490 1 $aGuide di teologia ;$v3 500 $aComprende indici. 504 $aBibliografia p. 284-295. 600 04$aMaria Virgo,$cs.$xTeologia.$0(OLS)http://pul/subject/848 830 0$aGuide di teologia ;$v3.$0(OLS)http://pul/title/41523 850 $aPUL 852 $aPUL$W1$xSL Religione 1$y3$m66 F 35$j80268$nBK-PRI$b $qStampati$B80268$CPULBib$Z2$F80268 $H $81 941 1 $a8 961 $aINV: 32740 996 $6245$aElementi fondamentali di mariologia$9(OLS)http://pul/title/82286 996 $6260$aBrescia :$bQueriniana$9(OLS)http://pul/publisher/47906 LEADER 01213nam a2200301 a 4500 001 000000145533 003 CaOOAMICUS 005 20150908134728.0 008 150908s1990 it u000 u ita r 020 $a88-10-10469-2 040 $aPUL$bita 041 1 $aita$hger 100 1 $aBühlmann, Walbert,$cO.F.M. Cap.,$dn. 1916.$0(OLS)http://pul/name/39801 240 10$aWer Augen hat zu sehen...$lItaliano.$0(OLS)http://pul/title/184044 245 13$aLa Chiesa alle soglie del terzo millennio /$cWalbert Bühlmann. 260 $aBologna :$bEDB,$cİ1990. 300 $a284 p. ;$c20 cm 490 1 $aFede e storia ;$v18 650 4$aChiesa$xStoria$ySec. XXI.$0(OLS)http://pul/subject/34404 830 0$aFede e storia ;$v18.$0(OLS)http://pul/title/57325 850 $aPUL 852 $aPUL$W1$xDP1 Fondo S. Lanza$y121$m3 P 14$j168270$qFondi$B168868$CPULBib$Z2$F168868 $HLan1199 $82 941 1 $a1 961 $aNota ms. di possesso: Sergio Lanza 996 $6020$a88-10-10469-2$9(OLS)http://pul/number/158525 996 $6245$aLa Chiesa alle soglie del terzo millennio$9(OLS)http://pul/title/184045 996 $6260$aBologna :$bEDB$9(OLS)http://pul/publisher/56073